Richmond Tigers Roster - Statistics

General Stats
  • This quiz has been taken 19 times
  • The average score is 28 of 42
Answer Stats
Hint Answer % Correct
3 Dion Prestia
100%
8 Jonty Faull
100%
1 Nick Vlaustin
100%
4 Sam Lalor
100%
5 Jack Ross
93%
47 Oliver Hayes-Brown
93%
44 Seth Campbell
93%
19 Tom Lynch
93%
2 Jacob Hopper
86%
17 Maurice Rioli
86%
21 Noah Balta
86%
10 Taj Hotton
86%
25 Toby Nankervis
86%
16 Josh Smillie
79%
43 Liam Fawcett
79%
7 Rhyan Mansell
79%
14 Tim Taranto
79%
30 Tom Brown
79%
22 Sam Cumming
71%
24 Sam Grlj
71%
12 Ben Miller
64%
50 Campbell Gray
64%
13 Hugh Ralphsmith
64%
28 Kane Mcauliffe
64%
35 Nathan Broad
64%
32 Samson Ryan
64%
15 Jayden Short
57%
6 Sam Banks
57%
38 Tom Sims
57%
36 James Trezise
50%
33 Patrick Retschko
50%
48 Steely Green
50%
26 Zan peucker
50%
49 Kaleb Smith
43%
11 Luke Trainor
43%
27 Noah Roberts-Thompson
43%
40 Tyler Sonsie
43%
34 Harry Armstrong
36%
29 Jasper Alger
36%
42 Mykelti Lefau
36%
18 Josh Gibcus
29%
23 Judson Clarke
29%
No matching quizzes found
Score Distribution
Percent of People with Each Score
Percentile by Number Answered
Your Score History
You have not taken this quiz